Регионална библиотека "Любен Каравелов" - Русе

От Паисий до Ботев (Запис номер 164654)

MARC детайли
000 -Лидер
Контролно поле с фиксирана дължина 01592nam a2200361 c 4500
003 - Код на организацията, давaща контролен номер
Контролно поле BLK
005 - Дата и час на последна редакция
Контролно поле 20230406030521.0
008 - Елементи от данни с фиксирана дължина
fixed length control field 180410b bul|||||r ||||||| ||bul||
010 ## - Наследен системен номер
LC control number KNG00172189000
040 ## - Източник на каталожния запис
Идентификатор на билиотеката - собственик на записа BLK
041 ## - Код за език
Код за езика на текст/звукозапис или на отделно заглавие Български
Код за езика КДБФ Български
072 #7 - Код за тематичната категория
Код организация bullib
Код за тематична категория А
Текст Фонд Михаил Арнаудов
072 #7 - Код за тематичната категория
Код организация bullib
Код за тематична категория Я
Текст Автографи
080 ## - УДК
Текстов определител УДК Българска литература
УДК код - определител по УДК 821.163.2
УДК определител .09
УДК - код + определител 821.163.2.09
100 1# - Редна дума - Автор
Автор Генов, Кръстьо Тодоров
Авторска отговорност първи автор
R(LIN) 380990
139 ## - Редно поле
Редна дума Генов, Кръстьо Тодоров
Авторски знак Генов - Г 31
245 10 - Сведения за заглавието
Заглавие От Паисий до Ботев
Подзаглавни данни Лит.-истор. проучване
Редно поле (дума) Кръстьо Тодоров Генов.
257 ## - Страна на издаване
Страна на създаване/издаване България
260 ## - Област на издателските данни
Име на издателя, разпространителя и проч. Наука и изкуство
Година на издаване 1967
Печатница Варна : ДПК Ст. Добрев-Странджата
Място на издаване, разпространение и проч. София
300 ## - Физическа характеристика
Страници 320 с.
Размери/Мащаб 20 см
380 ## - Жанр
Жанр Литературознание
490 ## - СЕРИИ (Колекции)
9 (RLIN) 396381
Име на серия Частна колекция - Академик Михаил Арнаудов
Бележки за серията Дарение - Основен фонд
500 ## - Общи забележки
Забележка Фонд Михаил Арнаудов - Автограф с текст: На моя дълбокоуважаван професор и незаменим приятел академик Михаил Арнаудов, 24 май 1967, Кр. Генов
650 #4 - Допълнително описание по предмет – тема
Основно описание – тема или топоним Българска литература - критика
9 (RLIN) 241969
653 ## - Ключова дума – ненормативна
Ключова дума критика
653 ## - Ключова дума – ненормативна
Ключова дума българска литература
659 ## - Тематичен бюлетин
Тематичен бюлетин А
659 ## - Тематичен бюлетин
Тематичен бюлетин Я
852 ## - Местоположение
Форматна сигнатура Цб 41269
Фондова буква Хранилище
852 ## - Местоположение
Форматна сигнатура МА 837
Фондова буква Фонд "Михаил Арнаудов"
856 4# - Електронен адрес и достъп
Електронен формат pdf - файл
856 4# - Електронен адрес и достъп
Електронен формат pdf - файл
999 ## - СИСТЕМНИ КОНТРОЛНИ НОМЕРА
Koha biblionumber 164654
Koha biblioitemnumber 164654
942 ## - АРТИКУЛИ
Вид на библиотечния материал Книги
Скрит в OPAC Не
Периодичен библиозапис Да
944 ## - СЪЗДАВАНЕ И РЕДАКЦИЯ на ЗАПИСА
Създаване/Редакция Създаване
Дата на регистрацията/редакция 26.02.2015
Служител, извършил регистрацията/редакцията Ренета_Константинова
944 ## - СЪЗДАВАНЕ И РЕДАКЦИЯ на ЗАПИСА
Създаване/Редакция Редакция
Дата на регистрацията/редакция 07.03.2017
Служител, извършил регистрацията/редакцията Геновева_Генчева
944 ## - СЪЗДАВАНЕ И РЕДАКЦИЯ на ЗАПИСА
Създаване/Редакция Редакция
Дата на регистрацията/редакция 2022-06-08
Служител, извършил регистрацията/редакцията ВП
999 ## - СИСТЕМНИ КОНТРОЛНИ НОМЕРА
Koha biblioitemnumber 164654
999 ## - СИСТЕМНИ КОНТРОЛНИ НОМЕРА
Koha biblioitemnumber 164654
999 ## - СИСТЕМНИ КОНТРОЛНИ НОМЕРА
Koha biblioitemnumber 164654
Наличности
Код за отписване Код за изгубен артикул Източник на класификационната схема Код за повреда Коз за рестрикции Код за отдаване Артикулен № Име на библиотеката - собственик Име на библиотеката, в която се намира в момента Статус (Текущо местоположение) Дата на вписване в системата Местоположение - отдел Цена в лева Инвентарен номер Систематично азбучна сигнатура Баркод Номер на екземпляра Цена в евро Служебна бележка Служебен тип на артикула Номерация (Хронология)
  Не е изгубен Universal Decimal Classification Не е повреден без рестрикции ползва се в читалня 276990 Регионална библиотека "Любен Каравелов" Русе Регионална библиотека "Любен Каравелов" Русе Хранилище 1967-01-01 Хранилище 2.27 7253/67 Цб 41269 900000099869 1 1.16 Дост: Dp Вид: Д N: стар фонд Дата: 01.01.1967 Книги  
  Не е изгубен Universal Decimal Classification Не е повреден само за читалня Специални фондове ( старопечатни, редки и ценни, фонд М. Арнаудов) 276991 Регионална библиотека "Любен Каравелов" Русе Регионална библиотека "Любен Каравелов" Русе Фонд "Михаил Арнаудов" 1973-01-01 Фонд "Михаил Арнаудов" 2.27 588363 МА 837 120000588363 2 1.16 Дост: DA Вид: А N: стар фонд Дата: 01.01.1973 Книги Автограф: Кръстьо Генов
Vip Innovations Ltd, Rousse, Bulgaria 2025